Statistics for Top 20 Countries by Water Area per Capita

Click here to take the quiz!

General Stats

  • This quiz has been taken 1,226 times
  • The average score is 7 of 20

Answer Stats

#COUNTRYsq km/million people% Correct
1Canada 26,832
92%
7Finland 6,420.14
78%
10Sweden 4,314.91
77%
14Norway 3,522.48
75%
15Australia 3,280.76
61%
4Iceland 9,035.15
57%
17Mongolia 3,132.43
37%
18Kazakhstan 3,096.37
32%
20Colombia 2,226.21
29%
2Guyana 23,508.23
23%
11Suriname 3,781.54
23%
13Turkmenistan 3,759.36
20%
19Chad 2,452.69
15%
3Bahamas 12,587.37
11%
5Botswana 8,141.9
11%
6Gabon 6,730.24
11%
16Sudan 3,227.62
11%
8Guinea-Bissau 5,401.87
6%
9Liberia 4,513.3
6%
12Eritrea 3,771.56
5%

Score Distribution

Percentile by Number Answered

Percent of People with Each Score

Your Score History

You have not taken this quiz